Double Vowel Geography - Statistics

General Stats
  • This quiz has been taken 56 times
  • The average score is 7 of 10
Answer Stats
Clue Answer Repeating Vowel % Correct
The Aloha State Hawaii I
96%
African Nation Cameroon O
91%
European Nation Greece E
87%
The Volunteer State Tennessee E
85%
Denmark's Largest Territory Greenland E
79%
Capital of Florida Tallahassee E
74%
Capital of the above Nuuk U
66%
Middle Eastern Capital Sana'a A
66%
Means 'Red Hero' Ulaanbaatar A
60%
African Capital Freetown E
34%
No matching quizzes found
Score Distribution
Percent of People with Each Score
Percentile by Number Answered
Your Score History
You have not taken this quiz